| Tag |
First Indicator |
Second Indicator |
Subfields |
| LEADER |
00000pam a2200000 a 4500 |
| 001 |
in00000097129 |
| 005 |
20150924085027.0 |
| 008 |
820301s1982 cn b 00011 eng |
| 010 |
|
|
|a 81070920
|
| 020 |
|
|
|a 0553050222
|
| 035 |
|
|
|a (OCoLC)08281453
|
| 035 |
|
|
|9 AAK9003AM
|
| 040 |
|
|
|a DLC
|c DLC
|d TXA
|d UtOrBLW
|
| 049 |
|
|
|a TXAM
|c [775357]
|
| 050 |
0 |
0 |
|a PS3554 E4463
|b A613 1982
|
| 082 |
0 |
|
|a 813/.54
|2 19
|
| 100 |
1 |
|
|a Del Vecchio, John M.,
|d 1948-
|
| 245 |
1 |
4 |
|a The 13th valley :
|b a novel /
|c by John M. Del Vecchio.
|
| 250 |
|
|
|a 1st ed.
|
| 264 |
|
1 |
|a Toronto ;
|a New York :
|b Bantam Books,
|c 1982.
|
| 300 |
|
|
|a 606 pages :
|b maps ;
|c 24 cm.
|
| 336 |
|
|
|a text
|b txt
|2 rdacontent
|
| 337 |
|
|
|a unmediated
|b n
|2 rdamedia
|
| 338 |
|
|
|a volume
|b nc
|2 rdacarrier
|
| 500 |
|
|
|a Maps on lining papers.
|
| 500 |
|
|
|a "A Bantam book"
|
| 536 |
|
|
|a Cushing Library Ragan Military copy donated in memory of Robert L. Acklen, Jr., class of '63.
|
| 650 |
|
0 |
|a Vietnam War, 1961-1975
|v Fiction.
|
| 999 |
|
|
|a MARS
|
| 999 |
f |
f |
|s 94a1c1b2-23fe-3c65-8e55-25e8de282db8
|i 94fd400d-c290-3a32-ad38-cf9fd63deb72
|t 0
|
| 952 |
f |
f |
|p normal
|a Texas A&M University
|b College Station
|c Sterling C. Evans Library
|s Evans stk
|d Evans: Library Stacks
|t 0
|e PS3554 E4463 A613 1982
|h Library of Congress classification
|i unmediated -- volume
|m A14807239152
|
| 998 |
f |
f |
|a PS3554 E4463 A613 1982
|t 0
|l Evans: Library Stacks
|